00763cam a22002291 450000100060000000300080000600500170001400800410003103500190007203500190009104000320011004100130014208200230015510000340017824500850021226000540029730000240035150400190037565000330039465000560042765100500048325000BD-RjUL20211209050821.0140316s1948 enk 001 0 eng d a(BD-RjUL)25069 a(OCoLC)1369527 aDLCcCtUdDLCdBD-RjULbeng1 aenghita00a940.5345bBAI 19481 aBadoglio, Pietro,d1871-1956.00aItaly in the Second World War :bmemories and documents /cTr. by Muriel Currey. aLondon ;aNew York :bOxford Univ. Press,c1948. ax, 234 p. ;c19 cm. aIncludes Index 0aWorld War, 1939-1945zItaly. 0aWorld War, 1939-1945vPersonal narratives, Italian. 0aItalyxHistoryyAllied occupation, 1943-1947.